Cibermundo: ¿una política suicida?: conversación con Philippe Petit
Salvato in:
| Autore principale: | |
|---|---|
| Natura: | Libro |
| Lingua: | spagnolo |
| Pubblicazione: |
Santiago
Dolmen
1997
|
| Edizione: | 1a. ed |
| Soggetti: | |
| Tags: |
Aggiungi Tag
Nessun Tag, puoi essere il primo ad aggiungerne!!
|
MARC
| LEADER | 00000cam a2200000 a 4500 | ||
|---|---|---|---|
| 001 | UCR8995 | ||
| 003 | CL-VaPUC | ||
| 008 | 980605e19970000CL |||||||||||||||||spa|d | ||
| 020 | |a 9562013510 | ||
| 082 | 0 | 4 | |a 003.5 |b VIR |2 21 |
| 100 | 0 | |a Virilio, Paul |e author |9 411099 | |
| 245 | 1 | 0 | |a Cibermundo: ¿una política suicida?: conversación con Philippe Petit |
| 250 | |a 1a. ed | ||
| 300 | |a 110 p | ||
| 942 | |c BK | ||
| 945 | |d 19980605 00:00:00 |a aalvarez | ||
| 260 | |a Santiago |b Dolmen |c 1997 | ||
| 650 | 0 | |a Cibernética |9 270269 | |
| 650 | 0 | |a Comunicación |9 257251 | |
| 650 | 0 | |a Tiempo |9 267892 | |
| 650 | 0 | |a Filosofía |9 223554 | |
| 583 | |a last modification |c 20170228 11:59:01 |k Rodrigo Vera | ||
| 999 | |c 270245 |d 270243 | ||
| 952 | |0 0 |1 0 |4 0 |6 003_500000000000000_VIR_1997 |7 0 |8 A |9 304408 |a BIBTEO |b BIBTEO |d 2019-11-20 |i 342068K |o 003.5 VIR 1997 |p 342068K |r 2025-01-17 |w 2019-11-20 |y BK |k ICR | ||
| 952 | |0 0 |1 0 |4 0 |6 003_500000000000000_VIR_1997 |7 0 |8 P |9 304409 |a BIBARQ |b BIBARQ |d 2019-11-20 |i 3646858 |o 003.5 VIR 1997 |p 3646858 |r 2025-01-20 |w 2019-11-20 |y BK |k ARQ | ||
| 952 | |0 0 |1 0 |3 erb |4 0 |6 003_500000000000000_VIR_1997 |7 0 |8 A |9 304410 |a BIBENE |b BIBENE |i 5329426 |o 003.5 VIR 1997 |p 5329426 |r 2025-01-15 |w 2019-11-20 |y BK |z Catalogado en:20170303 |k ICO | ||